00385nam a2200145Ia 450000500170000000800410001703700130005804000200007104100130009108400200010410000130012424500560013726000370019330000090023020250326143521.0250326s9999 xx 000 0 und d aTextbook aFMSLbengcFMSL aeng2eng aX:51:f P2qFMSL aCarson D 0aQualitative marketing researchcCarson D And Others aNew DelhibNew Delhi, Sagec2002 a240p